| 000 | 00608cam a2200241ua 4500 | ||
|---|---|---|---|
| 020 | _c5.00 | ||
| 041 |
_aeng _h |
||
| 082 |
_a540 _bGOP/CO |
||
| 100 | _aGopalakrishnan, K A . | ||
| 245 |
_aConcise chemistry for pre-degree classes, Vol 1 / _cK A Gopalakrishnan. _hTextual Documents |
||
| 250 |
_a1 / _b. |
||
| 260 |
_aN Parur : _bR P Pillai, Guruvilas , _c1964. |
||
| 365 | _a5.00 | ||
| 504 | _a | ||
| 942 | _cBK | ||
| 999 |
_c10706 _d10706 |
||